Allowance, contingencies and reserves (Record no. 72572)
[ view plain ]
| 000 -LEADER | |
|---|---|
| fixed length control field | 00774cam a2200229 4500 |
| 001 - CONTROL NUMBER | |
| control field | ABS66637 |
| 008 - FIXED-LENGTH DATA ELEMENTS--GENERAL INFORMATION | |
| fixed length control field | 030429n2003 000 0 eng u |
| 035 ## - SYSTEM CONTROL NUMBER | |
| System control number | (Sirsi) u122123 |
| 100 ## - MAIN ENTRY--PERSONAL NAME | |
| Personal name | Huxley, A. |
| 245 ## - TITLE STATEMENT | |
| Title | Allowance, contingencies and reserves |
| 260 ## - PUBLICATION, DISTRIBUTION, ETC. | |
| Date of publication, distribution, etc. | 2003 |
| 490 ## - SERIES STATEMENT | |
| Series statement | Construction Economist |
| Volume/sequential designation | 13(1) March 2003, 10-11(2) |
| 520 ## - SUMMARY, ETC. | |
| Summary, etc. | Establishes a classification for the terms allowance, contingency and reserve, as used in construction, project and program estimating. Criteria are set out as primary, secondary and subsidiary levels. Table. |
| 590 ## - LOCAL NOTE (RLIN) | |
| Local note | ABS |
| 650 ## - SUBJECT ADDED ENTRY--TOPICAL TERM | |
| Topical term or geographic name entry element | CONTINGENCIES |
| 650 ## - SUBJECT ADDED ENTRY--TOPICAL TERM | |
| Topical term or geographic name entry element | ALLOWANCES |
| 650 ## - SUBJECT ADDED ENTRY--TOPICAL TERM | |
| Topical term or geographic name entry element | RESERVES |
| 650 ## - SUBJECT ADDED ENTRY--TOPICAL TERM | |
| Topical term or geographic name entry element | ESTIMATING |
| 650 ## - SUBJECT ADDED ENTRY--TOPICAL TERM | |
| Topical term or geographic name entry element | CLASSIFICATION |
| 690 ## - LOCAL SUBJECT ADDED ENTRY--TOPICAL TERM (OCLC, RLIN) | |
| Topical term or geographic name as entry element | Quantity surveying |
| 9 (RLIN) | 6263 |
| 942 ## - ADDED ENTRY ELEMENTS (KOHA) | |
| Suppress in OPAC | 0 |
| Withdrawn status | Lost status | Source of classification or shelving scheme | Damaged status | Not for loan | Home library | Current library | Shelving location | Date acquired | Total Checkouts | Full call number | Barcode | Date last seen | Copy number | Price effective from | Koha item type |
|---|---|---|---|---|---|---|---|---|---|---|---|---|---|---|---|
| Dewey Decimal Classification | London | London | Journal article | 29/04/2003 | ABS66637 | 122123-1001 | 06/08/2019 | 1 | 06/08/2019 | Journal article |